المثل السياسية/ (Record no. 15709)
[ view plain ]
| 000 -الفاتح | |
|---|---|
| حقل البيانات ثابتة الطول | 00723nam a22001817a 4500 |
| 008 - عناصر البيانات ثابتة الطول - معلومات عامة | |
| حقل البيانات ثابتة الطول | 110720t2007xxu||||g |||| 000 0 ara d |
| 020 ## - الرقم الدولى المعيارى للكتب | |
| الرقم الدولى المعيارى للكتاب | 9774374487 |
| 082 ## - رقم تصنيف ديوى العشرى | |
| رقم الطبعة | 22 |
| رقم التصنيف | 320.01 |
| رقم المادة | ب ي ر |
| 100 ## - المدخل الرئيسى - إسم شخصى | |
| 9 (RLIN) | 26344 |
| الإسم الشخصى | بيرنز، دليل |
| 245 ## - بيان العنوان | |
| العنوان | المثل السياسية/ |
| بيان المسئوليه,etc | تأليف :دليل بيرنز؛ترجمة : لويس إسكندر؛راجعة :محمد أنيس |
| 260 ## - PUBLICATION, DISTRIBUTION, ETC. (IMPRINT) | |
| مكان الناشر او الموزع | القاهرة: |
| اسم الناشر او الموزع | المركز القومى للترجمة،2007. |
| تاريخ النشر أو التوزيع | 2007. |
| 300 ## - الوصف المادى | |
| التعداد | 395 ص. |
| أبعاد الوعاء | 24 سم. |
| 490 ## - بيان السلسلة | |
| -- | 26345 |
| عنوان السلسلة | سلسلة ميراث الترجمة ؛ |
| -- | 1134 |
| 650 ## - المدخل الاضافى بالموضوع-مصطلح موضوعى | |
| 9 (RLIN) | 17727 |
| مصطلح موضوعي أو اسم جغرافي كعنصر مدخل | السياسة - نظريات |
| 653 ## - مصطلح تكشيفى غير مقيد | |
| Resource For college | |
| Arrived date list | July2011 |
| 700 ## - المدخل الاضافى - اسم شخصى | |
| 9 (RLIN) | 26346 |
| الإسم الشخصى | إسكندر،لويس ؛ |
| العنوان والكلمات الأخرى المصاحبة للاسم | مترجم |
| 942 ## - عناصر المدخل الإضافي( كوها) | |
| مصدر التصنيف او مخطط الترفيف | Dewey Decimal Classification |
| Koha [default] item type | Book - Borrowing |
| حالة التراجع | حالة الفقد | مصدر التصنيف او خطة الترفيف | حالة تلف | ليس للاعارة | مجموعات كوها | المكان الدائم | المكان الحالي | موقع الترفيف | تاريخ الاكتساب | Source of acquisition | رقم الاستدعاء | الباركود | Date last seen | مُعار | نوع الوعاء |
|---|---|---|---|---|---|---|---|---|---|---|---|---|---|---|---|
| Dewey Decimal Classification | Central Library | Central Library | First floor | 20/07/2011 | Purchase | 320.01 ب ي ر | 000024417 | 15/07/2025 | 10/03/2014 | Book - Borrowing |